000 00536 a2200169 4500
999 _c6505
_d6505
020 _a0867200804 :
050 0 0 _aQK867 GLA 1989
100 1 _aGlass, A. D. M.
_eauthor
245 1 0 _aPlant nutrition :
_ban introduction to current concepts /
_cA.D.M. Glass.
264 _aBoston:
_bJones and Bartlett,
_c1989.
300 _avi, 234 p. :
_bill. ;
500 _aIncludes an index.
504 _aIncludes bibliographies and index.
650 0 _aPlants
_xNutrition.
650 0 _aPlants
_xEffect of minerals on.
942 _2lcc
_cBK
_h867
_iGLA
_kQK